|
|
|
|
| LEADER |
03146nam a2200577 4500 |
| 001 |
978-981-10-3223-3 |
| 003 |
DE-He213 |
| 005 |
20191220130258.0 |
| 007 |
cr nn 008mamaa |
| 008 |
170531s2018 si | s |||| 0|eng d |
| 020 |
|
|
|a 9789811032233
|9 978-981-10-3223-3
|
| 024 |
7 |
|
|a 10.1007/978-981-10-3223-3
|2 doi
|
| 040 |
|
|
|d GrThAP
|
| 050 |
|
4 |
|a Q342
|
| 072 |
|
7 |
|a UYQ
|2 bicssc
|
| 072 |
|
7 |
|a TEC009000
|2 bisacsh
|
| 072 |
|
7 |
|a UYQ
|2 thema
|
| 082 |
0 |
4 |
|a 006.3
|2 23
|
| 245 |
1 |
0 |
|a Data Engineering and Intelligent Computing
|h [electronic resource] :
|b Proceedings of IC3T 2016 /
|c edited by Suresh Chandra Satapathy, Vikrant Bhateja, K. Srujan Raju, B. Janakiramaiah.
|
| 250 |
|
|
|a 1st ed. 2018.
|
| 264 |
|
1 |
|a Singapore :
|b Springer Singapore :
|b Imprint: Springer,
|c 2018.
|
| 300 |
|
|
|a XXII, 669 p. 311 illus.
|b online resource.
|
| 336 |
|
|
|a text
|b txt
|2 rdacontent
|
| 337 |
|
|
|a computer
|b c
|2 rdamedia
|
| 338 |
|
|
|a online resource
|b cr
|2 rdacarrier
|
| 347 |
|
|
|a text file
|b PDF
|2 rda
|
| 490 |
1 |
|
|a Advances in Intelligent Systems and Computing,
|x 2194-5357 ;
|v 542
|
| 520 |
|
|
|a The book is a compilation of high-quality scientific papers presented at the 3rd International Conference on Computer & Communication Technologies (IC3T 2016). The individual papers address cutting-edge technologies and applications of soft computing, artificial intelligence and communication. In addition, a variety of further topics are discussed, which include data mining, machine intelligence, fuzzy computing, sensor networks, signal and image processing, human-computer interaction, web intelligence, etc. As such, it offers readers a valuable and unique resource.
|
| 650 |
|
0 |
|a Computational intelligence.
|
| 650 |
|
0 |
|a Signal processing.
|
| 650 |
|
0 |
|a Image processing.
|
| 650 |
|
0 |
|a Speech processing systems.
|
| 650 |
|
0 |
|a Electrical engineering.
|
| 650 |
|
0 |
|a Robotics.
|
| 650 |
|
0 |
|a Automation.
|
| 650 |
1 |
4 |
|a Computational Intelligence.
|0 http://scigraph.springernature.com/things/product-market-codes/T11014
|
| 650 |
2 |
4 |
|a Signal, Image and Speech Processing.
|0 http://scigraph.springernature.com/things/product-market-codes/T24051
|
| 650 |
2 |
4 |
|a Communications Engineering, Networks.
|0 http://scigraph.springernature.com/things/product-market-codes/T24035
|
| 650 |
2 |
4 |
|a Robotics and Automation.
|0 http://scigraph.springernature.com/things/product-market-codes/T19020
|
| 700 |
1 |
|
|a Satapathy, Suresh Chandra.
|e editor.
|4 edt
|4 http://id.loc.gov/vocabulary/relators/edt
|
| 700 |
1 |
|
|a Bhateja, Vikrant.
|e editor.
|4 edt
|4 http://id.loc.gov/vocabulary/relators/edt
|
| 700 |
1 |
|
|a Raju, K. Srujan.
|e editor.
|4 edt
|4 http://id.loc.gov/vocabulary/relators/edt
|
| 700 |
1 |
|
|a Janakiramaiah, B.
|e editor.
|4 edt
|4 http://id.loc.gov/vocabulary/relators/edt
|
| 710 |
2 |
|
|a SpringerLink (Online service)
|
| 773 |
0 |
|
|t Springer eBooks
|
| 776 |
0 |
8 |
|i Printed edition:
|z 9789811032226
|
| 776 |
0 |
8 |
|i Printed edition:
|z 9789811032240
|
| 830 |
|
0 |
|a Advances in Intelligent Systems and Computing,
|x 2194-5357 ;
|v 542
|
| 856 |
4 |
0 |
|u https://doi.org/10.1007/978-981-10-3223-3
|z Full Text via HEAL-Link
|
| 912 |
|
|
|a ZDB-2-ENG
|
| 950 |
|
|
|a Engineering (Springer-11647)
|